Statistics for Spanish Verbs

Click here to take the quiz!

General Stats

  • This quiz has been taken 27 times
  • The average score is 17 of 22

Answer Stats

HintAnswer% Correct
serto be
100%
bailarto dance
100%
hablarto speak, to talk
100%
comerto eat
96%
escuchar (música)to listen to (music)
96%
vivirto live
96%
cantarto sing
96%
practicar (deportes)to practice (sports)
88%
correrto run
88%
usar (la computadora)to use (the computer)
88%
escribir (cuentos)to write (stories)
88%
tocar (la guitarra)to play (the guitar)
83%
nadarto swim
83%
caminarto walk
83%
leer (revistas)to read (magazines)
75%
pasar (tiempo)to spend (time)
67%
dibujarto draw
58%
montar en bicicletato ride a bike
54%
tomar el solto sunbathe
54%
esquiarto ski
50%
patinarto skate
29%
montar en monopatínto skateboard
13%

Score Distribution

Percentile by Number Answered

Percent of People with Each Score

Your Score History

You have not taken this quiz